00489nam a22001577a 450000500170000001000150001702000250003203500130005703700130007008200110008310000210009424500740011526000710018927000490026030000220030920100813115918.0 aENG-100306 a9788172085773c20.00 aEN-83838 bDBAD/PUB a230.35 aRao, Ramana B.V. aLove is my form: cby B.V. Ramana RaobBhagawan Sri Sathya Sai Baba / aPrasanthi NilayambSri Sathya Sai Books & Publications Trustc2008 aPrasanthi NilayambPrasanthi Nilayame515134 a131p.c22cm (pbk)